00454nam a22001577a 450000500170000000800410001702000180005804100120007608200140008810000250010224500500012725000200017726000440019730000290024165000260027020231110075223.0231110b |||||||| |||| 00| 0 eng d a9780409052657 aEnglish a346.1 HEA aHeaton, J lEnglish  aThe South African Law of Persons / cJ Heaton aFourth Edition  aDurban : bLexisNexis (Pty) Ltd, c2012 bix, 180 pages ; c25 cm. aLegal practice bLaw